[Event "16th EUR-ch"]
[Site "Jerusalem ISR"]
[Date "2015.02.27"]
[Round "4"]
[White "Swiercz, Dariusz"]
[Black "Forster, Richard"]
[Result "1/2-1/2"]
[WhiteElo "2617"]
[BlackElo "2446"]
[EventDate "2015.02.24"]
[PlyCount "75"]

1.e4 c5 2.Nf3 d6 3.d4 cxd4 4.Qxd4 a6 5.h3 Nc6 6.Qe3 e6 7.c4 Nf6 8.Be2 Be7 
9.O-O O-O 10.Nc3 Bd7 11.Rd1 Qb8 12.Rb1 Rc8 13.b3 Ne5 14.Ba3 Ng6 15.Qd2 Bc6
16.Qe3 b5 17.cxb5 axb5 18.Bb4 d5 19.exd5 Nxd5 20.Nxd5 Bxd5 21.Bxe7 Nxe7 
22.a4 b4 23.Nd4 Rc3 24.Rd3 Rxd3 25.Bxd3 Qb7 26.Bf1 Rc8 27.Nb5 Nf5 28.Qf4 
Qe7 29.a5 Ra8 30.Rc1 h6 31.Bd3 Qg5 32.Qxg5 hxg5 33.Ra1 Bxb3 34.a6 Ne7 35.
Nc7 Ra7 36.Nb5 Ra8 37.Nc7 Ra7 38.Nb5 1/2-1/2

[Event "16th EUR-ch"]
[Site "Jerusalem ISR"]
[Date "2015.02.27"]
[Round "4"]
[White "Alexandrov, Alexei"]
[Black "Ferreira, Jorge Viterbo"]
[Result "1-0"]
[WhiteElo "2603"]
[BlackElo "2427"]
[EventDate "2015.02.24"]
[PlyCount "149"]

1.d4 e6 2.c4 Nf6 3.Nc3 Bb4 4.e3 O-O 5.Bd3 d5 6.cxd5 exd5 7.Ne2 Bd6 8.Qc2 
a5 9.Bd2 Na6 10.a3 c6 11.O-O Bd7 12.f3 c5 13.Be1 Qe8 14.Qd2 b5 15.Bh4 c4 
16.Bb1 b4 17.axb4 axb4 18.Nd1 Be7 19.Ng3 Nc7 20.Rxa8 Qxa8 21.Bxf6 Bxf6 22.
Qxb4 Rb8 23.Qd6 Qc6 24.Qxc6 Bxc6 25.Ne2 Ba4 26.Nec3 Bxd1 27.Nxd1 g6 28.Bc2
Na6 29.g4 Nb4 30.Bb1 Kg7 31.Kg2 Rh8 32.Rf2 h5 33.gxh5 Rxh5 34.b3 cxb3 35.
Rb2 Be7 36.Rxb3 Bd6 37.f4 g5 38.Nc3 gxf4 39.exf4 Rh8 40.Ne2 Rb8 41.Rc3 Rh8
42.Kg3 Re8 43.Kf2 Rh8 44.h3 Kf6 45.Ra3 Ke6 46.Re3+ Kf6 47.Rc3 Ke6 48.Kg3 
Rg8+ 49.Kf3 Rh8 50.Ng3 Kf6 51.Bf5 Ra8 52.h4 Ra6 53.Kg4 Ra1 54.h5 Kg7 55.
Rc8 Rg1 56.Kf3 Rd1 57.Bh3 Kh7 58.Rd8 Be7 59.Rd7 Nc6 60.Nf5 Re1 61.Rxd5 Bf6
62.Rd6 Re6 63.Rd7 Ne7 64.Nd6 Re1 65.Nxf7 Rd1 66.Ne5 Kh8 67.Be6 Rf1+ 68.Kg3
Rg1+ 69.Kf2 Rh1 70.Bg4 Rh2+ 71.Kg3 Rd2 72.Be6 Rd1 73.d5 Bxe5 74.fxe5 Rd3+ 
75.Kf2 1-0

[Event "16th EUR-ch"]
[Site "Jerusalem ISR"]
[Date "2015.02.27"]
[Round "4"]
[White "Bok, Benjamin"]
[Black "Sipila, Vilka"]
[Result "1/2-1/2"]
[WhiteElo "2587"]
[BlackElo "2425"]
[EventDate "2015.02.24"]
[PlyCount "154"]

1.e4 c6 2.d4 d5 3.e5 Bf5 4.Nf3 e6 5.Be2 Ne7 6.O-O c5 7.c4 Nbc6 8.dxc5 d4 
9.Qb3 Qc7 10.Na3 a6 11.Qa4 Rd8 12.b4 Ng6 13.Bd1 Rd7 14.Nc2 Bxc2 15.Bxc2 d3
16.Bd1 Be7 17.Re1 O-O 18.Bb2 f6 19.exf6 Bxf6 20.Qb3 Qf4 21.Rb1 e5 22.b5 
Nb8 23.c6 bxc6 24.bxc6 Nxc6 25.c5+ Kh8 26.Qa4 Rc7 27.Qxf4 exf4 28.Ba4 Rd8 
29.Re6 Bxb2 30.Rxb2 Nce7 31.Rxa6 Rxc5 32.g3 Ne5 33.Nxe5 Rxe5 34.Kg2 fxg3 
35.hxg3 d2 36.Ra7 Kg8 37.Rbb7 Kf8 38.Rd7 Rxd7 39.Rxd7 Rd5 40.Rxd5 Nxd5 41.
Bb3 Ke7 42.f4 Kd6 43.Kf3 Nc3 44.a4 Kc5 45.Ke3 Kb4 46.Kxd2 Kxb3 47.a5 Kc4 
48.a6 Nb5 49.Ke3 Kd5 50.f5 Ke5 51.g4 Na7 52.Kf3 Nc6 53.Ke3 g6 54.Kf3 gxf5 
55.gxf5 Kxf5 56.Kg3 Kg5 57.Kh3 h5 58.Kg3 h4+ 59.Kh3 Kh5 60.Kg2 Kg4 61.Kh2 
h3 62.Kg1 Na7 63.Kh2 Kh4 64.Kh1 Kg3 65.Kg1 Nb5 66.Kh1 Na7 67.Kg1 Kg4 68.
Kh2 Kh4 69.Kh1 Nc8 70.Kh2 Kg4 71.Kg1 Kg3 72.Kh1 Nd6 73.a7 Ne4 74.a8=Q Nf2+
75.Kg1 h2+ 76.Kf1 h1=Q+ 77.Qxh1 Nxh1 1/2-1/2

[Event "16th EUR-ch"]
[Site "Jerusalem ISR"]
[Date "2015.02.27"]
[Round "4"]
[White "Kobo, Ori"]
[Black "Banusz, Tamas"]
[Result "1/2-1/2"]
[WhiteElo "2410"]
[BlackElo "2582"]
[EventDate "2015.02.24"]
[PlyCount "149"]

1.d4 d5 2.c4 c6 3.Nf3 Nf6 4.Nc3 dxc4 5.a4 Bf5 6.e3 e6 7.Bxc4 Bb4 8.O-O O-O
9.Qe2 Nbd7 10.e4 Bg6 11.Bd3 Bh5 12.e5 Nd5 13.Nxd5 cxd5 14.Qe3 Re8 15.Ng5 
Bg6 16.Bxg6 fxg6 17.a5 Rc8 18.Qb3 Bxa5 19.Qf3 Re7 20.Nxe6 Rxe6 21.Qxd5 Nc5
22.Qxd8+ Bxd8 23.dxc5 Rxe5 24.Be3 a6 25.b4 Re4 26.Rab1 Bf6 27.Rfc1 Kf7 28.
Kf1 g5 29.Ke2 h6 30.Kd3 Re7 31.b5 Rd8+ 32.Ke2 axb5 33.Rxb5 Rdd7 34.Rd1 
Rxd1 35.Kxd1 Ke6 36.Kc2 Kd5 37.Kd3 Rd7 38.Rb1 Be7 39.Kc3 Rc7 40.Rd1+ Ke6 
41.Kc4 b6 42.c6 Rxc6+ 43.Kb5 Rc2 44.Kxb6 g4 45.Kb5 Bd6 46.g3 h5 47.Ra1 Kf5
48.Ra7 Be5 49.Re7 Bf6 50.Re8 Kg6 51.Re6 Rc8 52.Rc6 Rd8 53.Kc4 Rd1 54.Rc5 
Rh1 55.Kd3 Rxh2 56.Ke4 Rh3 57.Rc6 Kh7 58.Rc8 Rh1 59.Rc1 Rh2 60.Rb1 Kg6 61.
Rc1 h4 62.Kf4 hxg3 63.Kxg3 Rh4 64.Rc6 Kh5 65.Rc5+ g5 66.Kg2 Rh3 67.Rc6 Rf3
68.Rc5 Be7 69.Re5 Rf7 70.Re6 Bd8 71.Re8 Bf6 72.Re6 Bg7 73.Re4 Rf5 74.Bd4 
Bf8 75.Be5 1/2-1/2

[Event "16th EUR-ch"]
[Site "Jerusalem ISR"]
[Date "2015.02.27"]
[Round "4"]
[White "Huzman, Alexander"]
[Black "Usmanov, Vasily"]
[Result "1/2-1/2"]
[WhiteElo "2582"]
[BlackElo "2414"]
[EventDate "2015.02.24"]
[PlyCount "112"]

1.d4 Nf6 2.c4 e6 3.Nf3 Bb4+ 4.Nbd2 O-O 5.a3 Be7 6.e4 d5 7.e5 Nfd7 8.Bd3 c5
9.O-O Nc6 10.Re1 cxd4 11.b4 a5 12.cxd5 exd5 13.b5 Nc5 14.Bb1 Na7 15.Nxd4 
a4 16.Bc2 Bd7 17.Rb1 Qb6 18.N2f3 Ne6 19.Be3 Bc5 20.Bxa4 Nc8 21.Bb3 Rxa3 
22.Bxd5 Rd8 23.Bxe6 Bxe6 24.Qc1 Rd3 25.Nxe6 Bxe3 26.Rxe3 Qxe6 27.Rxd3 Rxd3
28.h3 h6 29.Qc2 Rd5 30.Qc7 Qd7 31.Rc1 Ne7 32.b6 Nc6 33.Kh2 Kh7 34.Rc4 Qe6 
35.Rh4 Qe7 36.Re4 Rd7 37.Qc8 Qd8 38.Qxd8 Rxd8 39.e6 fxe6 40.Rxe6 Rd5 41.
Nh4 Rb5 42.Rd6 Rxb6 43.Nf5 Rb5 44.g4 Ne5 45.Re6 h5 46.Nd6 Rd5 47.Ne4 Nf3+ 
48.Kg3 Ng5 49.Nxg5+ Rxg5 50.Rb6 Rc5 51.Rxb7 Rc3+ 52.f3 hxg4 53.hxg4 Kg6 
54.Rb6+ Kf7 55.g5 g6 56.Rb7+ Kf8 1/2-1/2

[Event "16th EUR-ch"]
[Site "Jerusalem ISR"]
[Date "2015.02.27"]
[Round "4"]
[White "Jojua, Davit"]
[Black "Deac, Bogdan-Daniel"]
[Result "1/2-1/2"]
[WhiteElo "2579"]
[BlackElo "2402"]
[EventDate "2015.02.24"]
[PlyCount "69"]

1.d4 Nf6 2.c4 e6 3.Nf3 Bb4+ 4.Bd2 a5 5.Nc3 b6 6.Bg5 a4 7.Rc1 a3 8.b3 Bb7 
9.e3 h6 10.Bxf6 Qxf6 11.Be2 Na6 12.O-O Bxc3 13.Rxc3 Nb4 14.Qd2 c5 15.Rd1 
Bxf3 16.Bxf3 Rd8 17.Rcc1 O-O 18.Qe2 d6 19.Rd2 g6 20.g3 Qe7 21.Rcd1 f5 22.
Kg2 e5 23.dxe5 dxe5 24.Bd5+ Kg7 25.f3 h5 26.Rf1 Rd6 27.Qd1 Qg5 28.f4 exf4 
29.exf4 Qf6 30.Qc1 Rfd8 31.Rfd1 Qe7 32.Re1 Qf6 33.Red1 Qe7 34.Re1 Qf6 35.
Red1 1/2-1/2

[Event "16th EUR-ch"]
[Site "Jerusalem ISR"]
[Date "2015.02.27"]
[Round "4"]
[White "Dvoirys, Semen"]
[Black "Bitensky, Igor"]
[Result "1-0"]
[WhiteElo "2578"]
[BlackElo "2384"]
[EventDate "2015.02.24"]
[PlyCount "111"]

1.e4 e5 2.Nf3 d6 3.d4 exd4 4.Nxd4 Nf6 5.Nc3 Be7 6.Be2 O-O 7.O-O Re8 8.f4 
Bf8 9.Bf3 c6 10.Kh1 Nbd7 11.Nf5 Nc5 12.Ng3 Qa5 13.a3 Na4 14.Nxa4 Qxa4 15.
b3 Qa5 16.Bb2 Qd8 17.c4 Nd7 18.Qc2 Nc5 19.Rad1 Qh4 20.b4 Na6 21.Qc3 f6 22.
Bh5 Bg4 23.Bxe8 Bxd1 24.Nf5 Qg4 25.Bd7 Kh8 26.h3 Qh5 27.Ng3 Qf7 28.Bf5 Bh5
29.e5 Bg6 30.exf6 Qxf6 31.Qxf6 gxf6 32.Bxg6 hxg6 33.f5 gxf5 34.Bxf6+ Kh7 
35.Nxf5 Nc7 36.Be7 d5 37.Bd6 Ne6 38.cxd5 cxd5 39.Bxf8 Rxf8 40.g4 Ng5 41.h4
Ne4 42.Kg2 Rc8 43.Rd1 Rc3 44.Rxd5 Nf6 45.Rd4 Rxa3 46.Ng3 a5 47.g5 Ne8 48.
h5 Ng7 49.Rd7 Kg8 50.g6 Ne6 51.Nf5 axb4 52.Rf7 Nf4+ 53.Kf2 Nd3+ 54.Kg1 
Ra1+ 55.Kh2 Ra2+ 56.Kg3 1-0

[Event "16th EUR-ch"]
[Site "Jerusalem ISR"]
[Date "2015.02.27"]
[Round "4"]
[White "Slavin, Alexey"]
[Black "Zhigalko, Andrey"]
[Result "0-1"]
[WhiteElo "2391"]
[BlackElo "2572"]
[EventDate "2015.02.24"]
[PlyCount "52"]

1.d4 Nf6 2.Nf3 b6 3.g3 Bb7 4.Bg2 c5 5.O-O e6 6.c4 cxd4 7.Nxd4 Bxg2 8.Kxg2 
Qc8 9.b3 Be7 10.Bf4 O-O 11.Nb5 d5 12.Nc7 g5 13.Nxa8 gxf4 14.Nxb6 axb6 15.
Nd2 Qb7 16.cxd5 Nxd5 17.Nf3 Nd7 18.Rc1 Ne5 19.Qc2 Ba3 20.Rcd1 Rc8 21.Qd2 
Rc3 22.gxf4 Nxf3 23.exf3 Rxf3 24.Kxf3 Nc3+ 25.Kg4 Qg2+ 26.Kh4 Be7+ 0-1

[Event "16th EUR-ch"]
[Site "Jerusalem ISR"]
[Date "2015.02.27"]
[Round "4"]
[White "Iovcov, Valerii"]
[Black "Kravtsiv, Martyn"]
[Result "1/2-1/2"]
[WhiteElo "2368"]
[BlackElo "2565"]
[EventDate "2015.02.24"]
[PlyCount "112"]

1.e4 e5 2.Nf3 Nc6 3.Bb5 a6 4.Ba4 Nf6 5.O-O Be7 6.Re1 b5 7.Bb3 O-O 8.h3 Bb7
9.d3 d6 10.a3 h6 11.Nc3 Re8 12.Ne2 Bf8 13.Ng3 Qd7 14.a4 Rad8 15.axb5 axb5 
16.Bd2 d5 17.exd5 Nxd5 18.Ne4 Kh8 19.Nc3 Nxc3 20.bxc3 Qf5 21.Qe2 Bc5 22.
Be3 Bf8 23.Bd2 Qg6 24.Nh4 Qf6 25.Nf3 Bc5 26.d4 exd4 27.Qxb5 dxc3 28.Bg5 
hxg5 29.Qxc5 Rf8 30.Rad1 Rd6 31.Nxg5 Ne5 32.Qe3 Ng6 33.Qg3 Kg8 34.Qg4 Ne5 
35.Qh5 Qh6 36.Qxh6 gxh6 37.Rxd6 cxd6 38.Ne4 Bxe4 39.Rxe4 Rb8 40.Re3 Rc8 
41.f4 Ng6 42.g3 Kf8 43.Kf2 h5 44.h4 Ne7 45.Rd3 Nf5 46.Bd5 Ke7 47.Bf3 Ng7 
48.Rd5 Rc5 49.Rxc5 dxc5 50.g4 Ne6 51.gxh5 Nxf4 52.Ke3 Ne6 53.Kd3 Kf8 54.
Kxc3 Nd4 55.Bd1 Kg7 56.Kc4 Nf5 1/2-1/2

[Event "16th EUR-ch"]
[Site "Jerusalem ISR"]
[Date "2015.02.27"]
[Round "4"]
[White "Timofeev, Artyom"]
[Black "Faizrakhmanov, Ramil"]
[Result "1-0"]
[WhiteElo "2564"]
[BlackElo "2371"]
[EventDate "2015.02.24"]
[PlyCount "115"]

1.e4 e5 2.Nf3 Nc6 3.Bb5 Nf6 4.d3 Bc5 5.c3 d6 6.Nbd2 O-O 7.O-O Ne7 8.d4 
exd4 9.cxd4 Bb6 10.Re1 Ng6 11.b3 c6 12.Bf1 Bg4 13.Bb2 Ba5 14.Re3 Bxd2 15.
Qxd2 Bxf3 16.gxf3 Nh5 17.d5 c5 18.b4 b6 19.Kh1 Qg5 20.Bh3 Ne5 21.Rg1 Qf4 
22.Qe2 Rae8 23.bxc5 bxc5 24.Bg4 Nf6 25.Bh3 Qh4 26.Bf1 Ng6 27.Qd2 Re7 28.
Rb3 h6 29.Rg3 Rfe8 30.Rh3 Qg5 31.Qxg5 hxg5 32.Rg3 Nh7 33.Rg1 f6 34.Bc1 
Nhf8 35.Be3 Nd7 36.Kg2 Rb8 37.Rxb8+ Nxb8 38.Kg3 Rb7 39.Bh3 Rb2 40.Bf5 Ne5 
41.f4 gxf4+ 42.Bxf4 Kf7 43.Bxe5 fxe5 44.f4 exf4+ 45.Kxf4 Na6 46.Be6+ Kf6 
47.Rf1 g6 48.e5+ Ke7 49.Kg5 Rb6 50.Rf7+ Ke8 51.Kf6 dxe5 52.Re7+ Kd8 53.
Rd7+ Kc8 54.d6 Nb4 55.Rc7+ Kb8 56.Rc8+ Kb7 57.d7 Nd5+ 58.Kf7 1-0

[Event "16th EUR-ch"]
[Site "Jerusalem ISR"]
[Date "2015.02.27"]
[Round "4"]
[White "Can, Emre"]
[Black "Golubov, Saveliy"]
[Result "1/2-1/2"]
[WhiteElo "2555"]
[BlackElo "2362"]
[EventDate "2015.02.24"]
[PlyCount "100"]

1.d4 Nf6 2.c4 e6 3.Nf3 d5 4.g3 Be7 5.Bg2 O-O 6.Qc2 c5 7.O-O cxd4 8.Nxd4 
Nc6 9.Nxc6 bxc6 10.b3 Ba6 11.Nd2 Nd7 12.Bb2 Bf6 13.Rac1 Qa5 14.Bxf6 Nxf6 
15.Qb2 Rab8 16.Rc2 Nd7 17.Rfc1 Rfd8 18.h3 h6 19.a3 Qb6 20.b4 dxc4 21.Nxc4 
Bxc4 22.Rxc4 c5 23.Rg4 e5 24.Qc2 cxb4 25.Rxb4 Qa5 26.Ra4 Qb6 27.Rb4 Qa5 
28.Ra4 Qb6 29.Qc7 a6 30.Qxb6 Rxb6 31.Rd1 Kf8 32.Rc4 Rbb8 33.Rc6 Nf6 34.
Rxd8+ Rxd8 35.Rxa6 Rd1+ 36.Kh2 Rd2 37.Ra8+ Ke7 38.Ra7+ Kf8 39.Ra8+ Ke7 40.
Ra7+ Kf8 41.a4 Rxe2 42.Kg1 Re1+ 43.Bf1 Ne4 44.Kg2 Nd2 45.Bb5 e4 46.a5 Nf3 
47.Bf1 Ra1 48.a6 Ne1+ 49.Kh2 Nf3+ 50.Kg2 Ne1+ 1/2-1/2

[Event "16th EUR-ch"]
[Site "Jerusalem ISR"]
[Date "2015.02.27"]
[Round "4"]
[White "Oparin, Grigoriy"]
[Black "Veinberg, Nimrod"]
[Result "1-0"]
[WhiteElo "2551"]
[BlackElo "2350"]
[EventDate "2015.02.24"]
[PlyCount "103"]

1.d4 Nf6 2.c4 e6 3.Nc3 Bb4 4.e3 O-O 5.Ne2 d5 6.a3 Be7 7.cxd5 exd5 8.g3 Bg4
9.Bg2 Qd7 10.h3 Bxe2 11.Qxe2 c6 12.O-O Na6 13.Bd2 Rfe8 14.g4 Nc7 15.Qd3 
Nb5 16.Nxb5 cxb5 17.Rfc1 a6 18.Rc2 Rac8 19.Rac1 h6 20.Qf5 Qxf5 21.gxf5 Rc4
22.b3 Rxc2 23.Rxc2 Bd6 24.Bb4 Bxb4 25.axb4 Kf8 26.Rc5 Rd8 27.Rc7 Rd6 28.
Rxb7 Rc6 29.Ra7 Ne4 30.Bxe4 dxe4 31.Kg2 g5 32.fxg6 Rxg6+ 33.Kh2 Rc6 34.Kg3
Kg7 35.Kf4 Rc3 36.Kxe4 Rxb3 37.Rxa6 Rxb4 38.Rb6 Rb1 39.d5 b4 40.f4 h5 41.
h4 b3 42.Ke5 b2 43.e4 Kg8 44.Kf5 Kg7 45.e5 Rd1 46.Rxb2 Rxd5 47.Rg2+ Kh6 
48.Kf6 Rd4 49.Rf2 Rd7 50.f5 Rd5 51.e6 fxe6 52.fxe6 1-0

[Event "16th EUR-ch"]
[Site "Jerusalem ISR"]
[Date "2015.02.27"]
[Round "4"]
[White "Soltanici, Ruslan"]
[Black "Indjic, Aleksandar"]
[Result "1-0"]
[WhiteElo "2350"]
[BlackElo "2546"]
[EventDate "2015.02.24"]
[PlyCount "121"]

1.e4 c5 2.Nf3 d6 3.d4 cxd4 4.Nxd4 Nf6 5.Nc3 a6 6.Be3 e5 7.Nb3 Be6 8.f3 h5 
9.Qd2 Nbd7 10.Nd5 Bxd5 11.exd5 g6 12.Be2 Bg7 13.O-O O-O 14.Na5 Qc7 15.c4 
b6 16.Nc6 Nb8 17.Nb4 Rc8 18.Rac1 Nfd7 19.Kh1 a5 20.Nc2 Na6 21.Na3 Ndc5 22.
Nb5 Qe7 23.b3 f5 24.Rce1 Qf6 25.Bd1 Nc7 26.Bg5 Qf8 27.Nc3 Rab8 28.g4 hxg4 
29.fxg4 f4 30.Qc2 Qf7 31.Ne4 Nxe4 32.Qxe4 Bf6 33.Bxf4 exf4 34.Qxf4 Rf8 35.
Qxd6 Qg7 36.Bc2 Bc3 37.Rd1 Bd4 38.Rxf8+ Rxf8 39.Qxg6 Qxg6 40.Bxg6 Be5 41.
Kg2 Kg7 42.Bf5 Bd6 43.h4 Re8 44.Kf3 Rh8 45.Rh1 Kf6 46.Bb1 Ke5 47.g5 b5 48.
h5 Rf8+ 49.Ke2 bxc4 50.bxc4 Re8 51.Rh4 Be7 52.Bg6 Rh8 53.Re4+ Kd6 54.c5+ 
Kd7 55.Rxe7+ Kxe7 56.d6+ Ke6 57.dxc7 Rc8 58.h6 Rxc7 59.h7 Rc8 60.Ke3 Ke5 
61.Bf7 1-0

[Event "16th EUR-ch"]
[Site "Jerusalem ISR"]
[Date "2015.02.27"]
[Round "4"]
[White "Babula, Vlastimil"]
[Black "Zanan, Evgeny"]
[Result "1/2-1/2"]
[WhiteElo "2545"]
[BlackElo "2327"]
[EventDate "2015.02.24"]
[PlyCount "57"]

1.d4 Nf6 2.c4 g6 3.Nc3 d5 4.cxd5 Nxd5 5.e4 Nxc3 6.bxc3 Bg7 7.Be3 c5 8.Rc1 
Qa5 9.Qd2 cxd4 10.cxd4 Qxd2+ 11.Bxd2 O-O 12.Nf3 Bg4 13.Be3 Nc6 14.d5 Bxf3 
15.gxf3 Nd4 16.Bh3 f5 17.Kf1 Nxf3 18.exf5 g5 19.Rc7 Bf6 20.Ke2 Nd4+ 21.Kd3
Rfd8 22.Bg2 Nxf5 23.Rxb7 Nxe3 24.fxe3 a5 25.Rc1 Rab8 26.Ra7 Rb2 27.Rc2 
Rxc2 28.Kxc2 Rb8 29.Bh3 1/2-1/2

[Event "16th EUR-ch"]
[Site "Jerusalem ISR"]
[Date "2015.02.27"]
[Round "4"]
[White "Belytsky, Alexandr"]
[Black "Kovalev, Vladislav"]
[Result "0-1"]
[WhiteElo "2227"]
[BlackElo "2531"]
[EventDate "2015.02.24"]
[PlyCount "110"]

1.Nf3 Nf6 2.c4 g6 3.g3 Bg7 4.Bg2 c5 5.O-O Nc6 6.d4 cxd4 7.Nxd4 O-O 8.Nc3 
Qa5 9.Nb3 Qh5 10.e4 d6 11.Qxh5 Nxh5 12.h3 Be6 13.Nd5 Rac8 14.c5 dxc5 15.
Nxc5 Bxd5 16.exd5 Na5 17.Nb3 Nc4 18.Bg5 Rfe8 19.g4 Nf6 20.Rae1 Nxb2 21.Na5
Nd3 22.Rb1 b6 23.Nc6 Rc7 24.Rfd1 Nb2 25.Re1 Rd7 26.Re2 h6 27.Bh4 Na4 28.
Rbe1 Kf8 29.Ne5 Rdd8 30.Nc6 Rd7 31.Ne5 Rdd8 32.Nc6 Nc3 33.Rc2 Nfxd5 34.
Nxd8 Rxd8 35.Rd2 g5 36.Bg3 e6 37.h4 Rc8 38.hxg5 hxg5 39.Bd6+ Kg8 40.Be5 
Rc4 41.Bxg7 Kxg7 42.Bxd5 Nxd5 43.f3 b5 44.Ree2 Rc3 45.Kf2 a5 46.a4 b4 47.
Re5 Ra3 48.Rxg5+ Kf6 49.Rg8 Rxa4 50.g5+ Kf5 51.Rg7 b3 52.Rxf7+ Kxg5 53.Kg3
Rb4 54.Rb2 a4 55.Ra7 Nc3 0-1

[Event "16th EUR-ch"]
[Site "Jerusalem ISR"]
[Date "2015.02.27"]
[Round "4"]
[White "Abasov, Nijat"]
[Black "Shevelev, Arkady"]
[Result "1-0"]
[WhiteElo "2523"]
[BlackElo "2285"]
[EventDate "2015.02.24"]
[PlyCount "45"]

1.e4 c6 2.d4 d5 3.e5 Bf5 4.h4 h5 5.c4 e6 6.Nc3 Be7 7.Nge2 dxc4 8.Ng3 Bg4 
9.f3 Bxh4 10.Rxh4 Qxh4 11.Ne4 f6 12.fxg4 Ne7 13.Bxc4 Nd5 14.gxh5 b5 15.Bb3
f5 16.Bg5 Qh2 17.Nd6+ Kd7 18.Kf2 f4 19.Nge4 Rxh5 20.Nc5+ Kc7 21.Nxe6+ Kd7 
22.Nc5+ Kc7 23.Ne8+ 1-0

[Event "16th EUR-ch"]
[Site "Jerusalem ISR"]
[Date "2015.02.27"]
[Round "4"]
[White "Sivuk, Vitaly"]
[Black "Zisman, Philip"]
[Result "0-1"]
[WhiteElo "2517"]
[BlackElo "2238"]
[EventDate "2015.02.24"]
[PlyCount "94"]

1.Nf3 c5 2.g3 Nc6 3.d4 cxd4 4.Nxd4 g6 5.Bg2 Bg7 6.Nb3 Nf6 7.Nc3 d6 8.O-O 
O-O 9.h3 Bd7 10.Re1 Rc8 11.Rb1 a6 12.a4 Qc7 13.Bg5 Nb4 14.Qd2 d5 15.Rec1 
Rfd8 16.a5 e6 17.e4 dxe4 18.Nxe4 Nbd5 19.Qd4 Nxe4 20.Qxe4 f6 21.Bd2 Qc4 
22.Qe1 e5 23.Bf1 Qc7 24.c4 Ne7 25.Be3 Re8 26.Bb6 Qb8 27.Nc5 Bc6 28.b4 Nf5 
29.Bg2 Nd4 30.Bxc6 Rxc6 31.Qe4 Qd6 32.Nxb7 Qd7 33.Nc5 Qxh3 34.Nxa6 Rxb6 
35.axb6 f5 36.Qg2 Qg4 37.Rd1 Nf3+ 38.Qxf3 Qxf3 39.Nc7 Rb8 40.Nd5 e4 41.c5 
Be5 42.c6 Rxb6 43.Nxb6 e3 44.Rd8+ Kg7 45.Rf1 e2 46.Rb1 Bxg3 47.Rd7+ Kh6 
0-1

[Event "16th EUR-ch"]
[Site "Jerusalem ISR"]
[Date "2015.02.27"]
[Round "4"]
[White "Rasulov, Vugar"]
[Black "Bakalchuk, Johnatan"]
[Result "1/2-1/2"]
[WhiteElo "2508"]
[BlackElo "2272"]
[EventDate "2015.02.24"]
[PlyCount "116"]

1.e4 c5 2.Nf3 g6 3.d4 cxd4 4.Nxd4 Nc6 5.Nc3 Bg7 6.Be3 Nf6 7.Bc4 O-O 8.Bb3 
d5 9.exd5 Na5 10.Qd2 Nxb3 11.Nxb3 b5 12.a3 Bb7 13.Rd1 a5 14.Nc5 Qc8 15.O-O
Rd8 16.Nxb7 Qxb7 17.b4 axb4 18.axb4 Nxd5 19.Nxd5 e6 20.Qe2 Rxd5 21.Rxd5 
Qxd5 22.Bc5 Bf8 23.Rd1 Qc6 24.Qe5 Bg7 25.Qe3 Bf8 26.h4 h5 27.Qg5 Bg7 28.
Rd8+ Kh7 29.Rxa8 Qxa8 30.Qe7 Qa1+ 31.Kh2 Qe5+ 32.g3 Qf5 33.Qd7 Be5 34.Kg1 
Bc3 35.Qb7 Be5 36.Kg2 Bb2 37.Kg1 Be5 38.Kg2 Bb2 39.Qf3 Kg7 40.Qe2 Qd5+ 41.
Kg1 Be5 42.Kh2 Bd4 43.Qd3 Bxc5 44.Qxd5 exd5 45.bxc5 Kf6 46.Kg2 Ke5 47.Kf3 
d4 48.c6 Kd6 49.Ke4 Kxc6 50.Kxd4 Kd6 51.f3 f6 52.g4 Kc6 53.f4 hxg4 54.f5 
Kd6 55.fxg6 Ke6 56.Ke4 f5+ 57.Kf4 Kf6 58.h5 b4 1/2-1/2

[Event "16th EUR-ch"]
[Site "Jerusalem ISR"]
[Date "2015.02.27"]
[Round "4"]
[White "Kali, Omer"]
[Black "Barnaure, Vlad-Victor"]
[Result "1-0"]
[WhiteElo "2089"]
[BlackElo "2508"]
[EventDate "2015.02.24"]
[PlyCount "55"]

1.e4 c5 2.Nf3 e6 3.d4 cxd4 4.Nxd4 a6 5.c4 Nc6 6.Nc3 Nge7 7.Be3 Nxd4 8.Qxd4
Nc6 9.Qd2 Bb4 10.a3 Qa5 11.Rc1 Be7 12.Be2 O-O 13.O-O Rd8 14.Qc2 Rb8 15.b4 
Qxa3 16.b5 Nb4 17.Qd2 Qa5 18.Qb2 d5 19.Bf4 Ra8 20.Ra1 Qb6 21.Na4 Qa5 22.c5
Nc2 23.Nb6 Nxa1 24.Rxa1 Bxc5 25.Rxa5 Bxb6 26.Ra3 Bc5 27.Rg3 Bf8 28.Qf6 1-0

[Event "16th EUR-ch"]
[Site "Jerusalem ISR"]
[Date "2015.02.27"]
[Round "4"]
[White "Sadzikowski, Daniel"]
[Black "Bochkarev, Yuriy"]
[Result "1-0"]
[WhiteElo "2492"]
[BlackElo "2076"]
[EventDate "2015.02.24"]
[PlyCount "65"]

1.d4 d6 2.e4 e5 3.Nf3 exd4 4.Nxd4 Nc6 5.Nc3 Be7 6.Bb5 Bd7 7.Bxc6 bxc6 8.
O-O Bf6 9.f4 Ne7 10.Nf3 Bxc3 11.bxc3 O-O 12.c4 c5 13.Bb2 Qc8 14.Qd3 Qa6 
15.f5 f6 16.g4 h6 17.h4 Bc6 18.Rae1 Rab8 19.Bc3 Kf7 20.e5 dxe5 21.Nxe5+ 
fxe5 22.f6 Kg8 23.fxe7 Rxf1+ 24.Rxf1 Re8 25.Qf5 Qc8 26.Qg6 Qd7 27.Rf7 
Qxg4+ 28.Qxg4 Kxf7 29.Bxe5 Rxe7 30.Qxg7+ Ke8 31.Qxh6 Be4 32.h5 Bxc2 33.
Qc6+ 1-0

[Event "16th EUR-ch"]
[Site "Jerusalem ISR"]
[Date "2015.02.27"]
[Round "4"]
[White "Henseler, Jorgen"]
[Black "Petenyi, Tamas"]
[Result "0-1"]
[WhiteElo "2123"]
[BlackElo "2428"]
[EventDate "2015.02.24"]
[PlyCount "130"]

1.d4 Nf6 2.c4 d6 3.Nf3 Nbd7 4.Nc3 e5 5.Bg5 Be7 6.e3 O-O 7.Qc2 c6 8.Be2 Re8
9.O-O Qc7 10.Rad1 Bf8 11.Rfe1 a6 12.Nd2 Rb8 13.Bd3 g6 14.Nde4 Nxe4 15.Nxe4
f5 16.Nf6+ Nxf6 17.Bxf6 e4 18.Be2 Qf7 19.Bh4 h6 20.f4 exf3 21.Bxf3 g5 22.
Bf2 Bg7 23.Be2 Be6 24.b3 d5 25.c5 Rf8 26.Rf1 Rbe8 27.Bd3 Bd7 28.Rde1 Qg6 
29.b4 h5 30.a4 h4 31.Kh1 Qh5 32.Bg1 g4 33.b5 axb5 34.axb5 Bh6 35.bxc6 bxc6
36.Re2 Re7 37.Rfe1 Rfe8 38.Rf1 Rf8 39.Rfe1 Kg7 40.Rf1 Rf6 41.Rfe1 Be8 42.
Rf1 Bg6 43.Ree1 Ref7 44.Re2 f4 45.exf4 Bxf4 46.Rfe1 Bxd3 47.Qxd3 Qg6 48.
Qd1 Qf5 49.Re7 Rxe7 50.Rxe7+ Rf7 51.Qe2 h3 52.Bf2 Bg5 53.Rxf7+ Kxf7 54.
gxh3 gxh3 55.Kg1 Bf6 56.Kh1 Qb1+ 57.Be1 Qe4+ 58.Qxe4 dxe4 59.d5 cxd5 60.
Bg3 Ke6 61.c6 Bd4 62.Bf2 Be5 63.Bd4 Bc7 64.Bc5 Ke5 65.Bf2 Kd6 0-1

[Event "16th EUR-ch"]
[Site "Jerusalem ISR"]
[Date "2015.02.27"]
[Round "4"]
[White "Mdivani, Maka"]
[Black "Ben Artzi, Ido"]
[Result "0-1"]
[WhiteElo "2105"]
[BlackElo "2408"]
[EventDate "2015.02.24"]
[PlyCount "92"]

1.Nf3 g6 2.d4 Nf6 3.c4 Bg7 4.Nc3 d5 5.h3 O-O 6.Bf4 c5 7.e3 cxd4 8.exd4 Nc6
9.Be2 dxc4 10.Bxc4 Na5 11.Be2 Be6 12.Qa4 a6 13.O-O b5 14.Qd1 Rc8 15.Re1 
Nc4 16.b3 Nb6 17.Rc1 Rxc3 18.Rxc3 Nbd5 19.Bd2 Nxc3 20.Bxc3 Nd5 21.Bd2 Qb6 
22.Qa1 Rc8 23.Bd3 Qd6 24.Ne5 Nb4 25.Be4 Nc2 26.Bxc2 Rxc2 27.Bc1 Qb4 28.Rd1
Bd5 29.Nd3 Qa5 30.Bb2 Bh6 31.Qb1 Re2 32.Kf1 Rd2 33.Nc5 Rxd1+ 34.Qxd1 Qxa2 
35.Bc3 Bf4 36.Qe1 Bd6 37.b4 Bc6 38.Qa1 Qc4+ 39.Kg1 Qd5 40.Qf1 Qf5 41.Bd2 
Qd5 42.Be3 e5 43.dxe5 Qxe5 44.g3 Qd5 45.f3 Bxg3 46.Nxa6 Qa2 0-1

[Event "16th EUR-ch"]
[Site "Jerusalem ISR"]
[Date "2015.02.27"]
[Round "4"]
[White "Aronin, Pavel"]
[Black "Reshef, Omer"]
[Result "0-1"]
[WhiteElo "2085"]
[BlackElo "2402"]
[EventDate "2015.02.24"]
[PlyCount "48"]

1.d4 d5 2.c4 c6 3.Nf3 Nf6 4.Nbd2 Bf5 5.Nh4 Be6 6.e3 g6 7.Bd3 Bg7 8.O-O O-O
9.b3 c5 10.Bb2 cxd4 11.exd4 Nc6 12.Nhf3 Nh5 13.c5 Nf4 14.Bb1 b6 15.cxb6 
Qxb6 16.Re1 Nxd4 17.Nxd4 Bxd4 18.Bxd4 Qxd4 19.Bc2 Rac8 20.Nf3 Qf6 21.Rc1 
Bg4 22.Qd4 Bxf3 23.Qxf6 exf6 24.gxf3 Rc3 0-1

[Event "16th EUR-ch"]
[Site "Jerusalem ISR"]
[Date "2015.02.27"]
[Round "4"]
[White "Cohen Revivo, Alon"]
[Black "Kalka, Arkadius Georg"]
[Result "0-1"]
[WhiteElo "2022"]
[BlackElo "2389"]
[EventDate "2015.02.24"]
[PlyCount "108"]

1.e4 g6 2.d4 Bg7 3.c4 Nc6 4.Ne2 e5 5.d5 Nd4 6.Nxd4 exd4 7.Bd3 d6 8.O-O Ne7
9.Bg5 h6 10.Bxe7 Qxe7 11.Nd2 a5 12.Re1 Bd7 13.Rb1 h5 14.Bc2 c5 15.Ba4 g5 
16.Qb3 Bxa4 17.Qxa4+ Qd7 18.b3 h4 19.h3 Be5 20.Nf3 f6 21.Re2 Ke7 22.Qxd7+ 
Kxd7 23.Ne1 Rhg8 24.f3 Rge8 25.Nd3 Bg3 26.Kf1 Re7 27.Rbb2 a4 28.b4 a3 29.
Rb3 b6 30.bxc5 bxc5 31.Rb7+ Kd8 32.Rxe7 Kxe7 33.Rc2 Rb8 34.Rc1 f5 35.Ke2 
Kf6 36.exf5 Kxf5 37.Rc2 Bf4 38.Nf2 Rb1 39.Ne4 Rg1 40.Kd3 Rd1+ 41.Ke2 Rg1 
42.Kd3 Be5 43.Re2 Rc1 44.Rc2 Ra1 45.Re2 Bf4 46.Nf2 Be3 47.Ne4 Ke5 48.Nxg5 
Rd1+ 49.Kc2 Rc1+ 50.Kb3 Rc3+ 51.Ka4 Rxc4+ 52.Kb5 Kxd5 53.f4 Rb4+ 54.Ka5 
Rb2 0-1

[Event "16th EUR-ch"]
[Site "Jerusalem ISR"]
[Date "2015.02.27"]
[Round "4"]
[White "Birnboim, Nathan"]
[Black "Drori, Dan"]
[Result "1-0"]
[WhiteElo "2347"]
[BlackElo "2104"]
[EventDate "2015.02.24"]
[PlyCount "83"]

1.d4 Nf6 2.Bg5 d5 3.Bxf6 gxf6 4.e3 Bf5 5.Ne2 c5 6.dxc5 Qa5+ 7.Nbc3 e6 8.
Nd4 Bg6 9.Bb5+ Nd7 10.a3 Qc7 11.b4 Be7 12.h4 h5 13.Bd3 f5 14.g3 Ne5 15.
Bb5+ Kf8 16.Nce2 Kg7 17.Nf4 Kh6 18.Be2 Ng4 19.Qd2 Nf6 20.e4 Kh7 21.exf5 
Bxf5 22.Nxf5 exf5 23.Qd4 Rad8 24.Bd3 Ne4 25.Nxd5 Qd7 26.c4 Qe6 27.O-O Bxh4
28.gxh4 Rhg8+ 29.Kh2 Rg4 30.Bxe4 Rxh4+ 31.Kg3 fxe4 32.f3 Rh3+ 33.Kf2 Rh2+ 
34.Ke3 Qh6+ 35.f4 Qg6 36.Rg1 Rh3+ 37.Ke2 Rg3 38.Rxg3 Qxg3 39.Rg1 Rxd5 40.
cxd5 Qf3+ 41.Kd2 e3+ 42.Qxe3 1-0